Who said it - Trump or Biden? - Statistics

General Stats
  • This quiz has been taken 587 times
  • The average score is 11 of 15
Answer Stats
Question Answer % Correct
In Springfield, they’re eating the dogs Trump
97%
Sorry losers and haters, but my IQ is one of the highest Trump
88%
I think that I’m actually a nice person. I’m a very nice person Trump
86%
If she weren't my daughter, perhaps I'd be dating her Trump
84%
I have a great relationship with the blacks Trump
81%
I may be Irish, but I'm not stupid Biden
78%
If you look at Saddam Hussein, he killed terrorists. I'm not saying he was an angel, but this guy killed terrorists Trump
76%
A three letter word: "Jobs" Biden
74%
I'm basically a truthful person Trump
70%
We choose truth over facts Biden
68%
John McCain is not a war hero. He's a war hero - he's a war hero cause he was captured. I like people that weren't captured Trump
68%
You ain't black if you don't vote for me Biden
65%
I have never seen a thin person drinking Diet Coke Trump
62%
I promise you, the president has a big stick Biden
46%
You cannot go to a 7-Eleven or a Dunkin Donuts unless you have a slight Indian accent Biden
35%
No matching quizzes found
Score Distribution
Percent of People with Each Score
Percentile by Number Answered
Your Score History
You have not taken this quiz